000 00620nam a2200241 i 4500
001 C2-0118184
003 PPAK
005 20180727111050.0
008 970730s1985 nyu |||| ||||| | eng d
020 _a0471880094
040 _aPPAK
_beng
_cPPAK
_erda
082 0 4 _a657.046
_223
090 0 0 _a657.046
_bHAR
_dG
100 1 _aHaried, Andrew A.,
_eauthor
245 1 0 _aAdvanced accounting
264 1 _aNew York :
_bJohn Wiley ,
_c1985
300 _a981 pages ;
_c24 cm
336 _2rdacontent
_atext
337 _2rdamedia
_aunmediated
338 _2rdacarrier
_avolume
650 1 0 _aAccounting
942 _ddc
_cB
999 _c32061
_d32061